000 02090cam a22004814i 4500
003 PE-LiUPU
005 20250731173400.0
008 150706s2009 sp r 000 0 spa d
020 _a9788492836703
035 _a(Sirsi) i9788492836703
040 _aPE-LiUPU
_bspa
_cPE-LiUPU
_erda
049 _aPRUA
082 0 4 _a221
_bCATA
_221
100 1 _aMotyer, J. A.,
_eautor.
245 1 0 _aIsaías :
_badmirable, Padre Eterno, Príncipe de paz /
_cJ. A. Motyer.
250 _a2a. edición.
264 1 _aBarcelona :
_bPublicaciones Andamio,
_c2009.
300 _a736 páginas ;
_c21 centímetros.
336 _atext
_2rdacontent
337 _aunmediated
_2rdamedia
338 _avolume
_2rdacarrier
490 0 _aComentario Antiguo Testamento Andamio
505 0 _aJudá: diagnóstico y pronóstico -- El triunfo de la gracia -- El reino universal -- El Señor de la historia -- La elección fatal de Ezequías -- La consolación del mundo -- La redención de Israel -- La gran liberación -- Una liberación aún mayor -- Lo ideal y lo real: las necesidades y pecados del pueblo del Señor -- La venida del Conquistador Ungido -- La oración y la respuesta: pasos hacia un nuevo cielo y una nueva tierra.
526 _aSEG42
526 _aSEG41
526 _aSEG40
526 _aSEG39
526 _aP94
526 _aP87
526 _aP86
526 _aP85
526 _aP77
526 _aP76
526 _aP35
541 _g001-0000498;
630 _aBiblia.
_pA.T.
_pIsaías
_xComentarios.
910 _agl
_bjck
_d20101228
942 _2ddc
_cBOOK
949 _a221 CATA 23
_wDEWEY
_c1
_i62486
_d2016-7-24
_e2016-7-21
_lCCODEBUL1
_mBUL
_n4
_p30.00
_r0
_sY
_tBOOK
_u2015-7-6
_xTEOLOGIA
_PP35
_0COMPRA
_o.STAFF. Colección General
994 _aC0
_bPEPRU
596 _a1
999 _a221 CATA 23
_wDEWEY
_c51540
_i62486
_d51540
_e2022-6-9
_f2021-11-9
_g5
_lCCODEBUL1
_mBUL
_n10
_p30.00
_q11
_r0
_sY
_tBOOK
_u2015-7-6
_xTEOLOGIA
_PP35
_0COMPRA
_o.STAFF. Colección Teología
980 _81
_gALBERTO SANCHEZ Responsable de Automatización